Price and Income Elasticities of Export and Import in the Slovak Republic
Enregistré dans:
| Auteur principal: | |
|---|---|
| Autres auteurs: | |
| Format: | Chapitre de livre |
| Langue: | anglais |
| Sujets: | |
| Tags: |
Pas de tags, Soyez le premier à ajouter un tag!
|
MARC
| LEADER | 00000naa$a2200000$$$4500 | ||
|---|---|---|---|
| 001 | 0211366 | ||
| 005 | 20240502083528.7 | ||
| 041 | 0 | |a eng | |
| 044 | |a SG | ||
| 245 | 1 | 0 | |a Price and Income Elasticities of Export and Import in the Slovak Republic |c Zuzana Brinčíková, Ľubomír Darmo |
| 500 | |a Abstrakt | ||
| 610 | 2 | 0 | |a obchod medzinárodný |
| 610 | 2 | 0 | |a dovoz |
| 610 | 2 | 0 | |a vývoz |
| 610 | 2 | 0 | |a pružnosť cenová |
| 610 | 2 | 0 | |a príjmy |
| 610 | 2 | 0 | |a Slovensko |
| 100 | 1 | |a Brinčíková, Zuzana, 1979- | |
| 700 | 1 | |a Darmo, Ľubomír, 1984- | |